| 000 | 00992cam a2200229 4500 | ||
|---|---|---|---|
| 001 | WB3906-10 | ||
| 008 | 030211n2003 000 0 eng u | ||
| 035 | _a(Sirsi) u121319 | ||
| 245 | _aLondon plan won't close the gap | ||
| 260 | _c2003 | ||
| 490 |
_aEstates Gazette _v(0306) 8 February 2003, 33(1) |
||
| 520 | _aA report commissioned by "Estates Gazette" calculates that London faces a shortfall of 229 000 homes by 2016.The report's author says that although the draft London Plan aims to increase housebuilding, only 37% of new homes will be 'affordable' and only one in five will be kept for key workers. The report "Between a rock and a hard place: how to house key workers in London", costs £195. To order a copy, [email protected] | ||
| 590 | _aWB | ||
| 650 |
_aAffordable housing _96215 |
||
| 650 | _aLONDON | ||
| 650 | _aKEY WORKERS | ||
| 650 | _aHOUSING SHORTAGES | ||
| 650 | _aHOUSE PRICES | ||
| 650 | _aPROJECTIONS | ||
| 690 | _aHOUSING | ||
| 942 | _n0 | ||
| 999 |
_c72092 _d72092 |
||